Dupľovana chўba

Bibliographic Details
Main Author: Medviď, Peter, 1981- (Author)
Format: Article
Language:Ukrainian
PhysicalDescription:Fotografie
ISSN:2454-0013
Subjects:

MARC

LEADER 00000nab a2200000 4500
001 vtls011872474
003 SK-MaSNL
005 20260318114531.0
008 190621c2017 xo er|n || ||00 c0ukr
015 |a SNBRB2019/06 
038 |a SVKPOCL 
040 |a SVKPOCL  |b slo  |c SVKPOCL  |e rda 
041 0 |a ukr 
043 |a e-xo--- 
044 |a xo  |c SK 
072 7 |a 316.3  |x Globálne spoločnosti. Sociálna štruktúra. Sociálne skupiny  |2 konspekt 
072 7 |a 314  |x Demografia. Populácia  |2 konspekt 
080 |a 316.35  |2 2011 
080 |a (437.6)  |2 2011 
080 |a (047.6)  |2 2011 
080 |a 314.116  |2 2011 
100 1 |a Medviď, Peter,  |d 1981-  |4 aut  |9 268505 
245 1 0 |a Dupľovana chўba  |c Petro Medviď 
246 3 3 |a Dupľovana chŷba 
300 |b Fotografie 
336 |a text  |b txt  |2 rdacontent 
337 |a bez média  |b n  |2 rdamedia 
338 |a zväzok  |b nc  |2 rdacarrier 
500 |a V rubrike Pohľadў 
650 0 7 |a spoločnosť a politika  |2 SNKPH  |9 1526 
650 0 7 |a demografia  |2 SNKPH  |9 3827 
650 0 7 |a Ukrajinci  |2 SNKPH  |9 19025 
650 0 7 |a štatistické zisťovanie  |2 SNKPH  |9 49919 
650 0 7 |a národnosti  |2 SNKPH  |9 4722 
650 0 7 |a Rusíni  |2 SNKPH  |9 4087 
650 0 7 |a komentár (publikačný typ)  |2 svkpocl  |9 866536 
650 0 7 |a sčítanie obyvateľov, domov a bytov  |2 SNKPH  |9 58111 
651 7 |a Slovensko  |2 SNKPHgeo  |9 14231 
655 7 |a komentáre  |2 SNKPH  |9 70412 
773 0 |t NN info Rusyn  |g Roč. XIV (26), č. 23-24 (2017), s. 16  |x 2454-0013 
852 |a SVKPO  |b KIS3GCP 
958 |a UK 
958 |a SS 
958 |a SK 
958 |a RN 
958 |a NM 
999 |c 3352649  |d 3354579